Statistics for Countries With More Than 50 McDonald's Units

Click here to take the quiz!

General Stats

  • This quiz has been taken 62 times
  • The average score is 46 of 55

Answer Stats

UnitsCountry% Correct
408Mexico
100%
1,274United Kingdom
100%
14,146United States
100%
1,450Canada
98%
114Egypt
98%
1,485France
98%
1,470Germany
98%
71Norway
98%
600Spain
98%
2,937China
96%
2,975Japan
96%
275South Africa
96%
981Australia
93%
1,037Brazil
93%
300India
93%
560Italy
93%
242Argentina
91%
85Belgium
91%
66Finland
91%
191Sweden
91%
89Colombia
89%
225Indonesia
89%
470Poland
89%
171Portugal
89%
80Chile
87%
85Denmark
87%
89Ireland
87%
250Netherlands
87%
165New Zealand
87%
52Peru
87%
447South Korea
87%
93Ukraine
87%
222Austria
85%
253Turkey
85%
108Czech Republic
80%
53Morocco
80%
240Thailand
80%
82Romania
78%
304Saudi Arabia
78%
167Switzerland
78%
175United Arab Emirates
78%
50Bulgaria
76%
97Hungary
76%
72Pakistan
76%
655Philippines
76%
282Malaysia
72%
413Taiwan
72%
185Israel
67%
133Venezuela
65%
52Qatar
61%
136Singapore
61%
77Kuwait
59%
55Costa Rica
50%
57Panama
50%
102Guatemala
48%

Score Distribution

Percentile by Number Answered

Percent of People with Each Score

Your Score History

You have not taken this quiz